Dilemas sociales y transporte urbano (Record no. 128029)

MARC details
000 -CABECERA
campo de control de longitud fija 00611nab a2200217 a 4500
005 - FECHA Y HORA DE LA ÚLTIMA TRANSACCIÓN
campo de control 20210219155957.0
008 - ELEMENTOS DE LONGITUD FIJA--INFORMACIÓN GENERAL
campo de control de longitud fija 991125s1985 mx 000 0 spa u
035 ## - NÚMERO DE CONTROL DEL SISTEMA
Número de control de sistema UPN01000155915
100 1# - ASIENTO PRINCIPAL--NOMBRE PERSONAL
Nombre de persona Moreno, Marta
222 ## - TÍTULO CLAVE
Título clave REVISTA DE PSICOLOGIA SOCIAL
245 ## - MENCIÓN DE TÍTULO
Título Dilemas sociales y transporte urbano
260 ## - PUBLICACIÓN, DISTRIBUCIÓN, ETC.
Lugar de publicación, distribución, etc. Madrid, España
300 ## - DESCRIPCIÓN FÍSICA
Extensión 255-266
362 0# - FECHAS DE PUBLICACIÓN Y/O DESIGNACIÓN SECUENCIAL
Fecha de publicación y/o designación secuencial 2007 Vol. 22, no. 3
653 0# - TERMINO DE INDIZACION - NO CONTROLADO
Término no controlado TRANSPORTE URBANO
653 0# - TERMINO DE INDIZACION - NO CONTROLADO
Término no controlado CONCIENCIA ECOLOGICA
653 0# - TERMINO DE INDIZACION - NO CONTROLADO
Término no controlado DILEMAS SOCIALES
700 1# - ASIENTO SECUNDARIO--NOMBRE DE PERSONAL
Nombre de persona Ruiz, Juan Pedro,
Término indicativo de función/relación coaut.
700 1# - ASIENTO SECUNDARIO--NOMBRE DE PERSONAL
Nombre de persona Corraliza, José Antonio,
Término indicativo de función/relación coaut.
905 ## - TIPO DE MATERIAL
Tipo de material Articulo

No items available.